[Event "Dortmund 73/271"]
[Site "?"]
[Date "1998.??.??"]
[Round "?"]
[White "Adams, Michael"]
[Black "Ivanchuk, Vassily"]
[Result "1/2-1/2"]
[WhiteElo "2670"]
[BlackElo "2740"]
[PlyCount "78"]
[EventDate "1998.??.??"]
[Source "ChessBase"]
[SourceDate "1998.06.01"]

1. e4 c5 2. Nf3 d6 3. d4 cxd4 4. Nxd4 Nf6 5. Nc3 g6 6. Be3 Bg7 7. f3 O-O 8. Qd2 Nc6 9. O-O-O d5 10. Kb1 Nxd4 11. e5 Nf5 12. exf6 Bxf6 13. Nxd5 Qxd5 14. Qxd5 Nxe3 15. Qd2 Nxd1 16. Qxd1 Be6 17. Bd3 Rfd8 18. Qe1 Rd6 19. Qa5 b6 20. Qe1 Rc8 21. a3 Rc5 22. g4 Rcd5 23. Qg3 h5 24. h3 h4 25. Qf2 Rxd3 26. cxd3 Rxd3 27. Qe2 Rb3 28. Rd1 g5 29. Rd2 Kg7 30. Qe4 a5 31. Kc1 b5 32. Kd1 a4 33. Ke1 Bc4 34. Kf2 e6 35. Qc2 Bd5 36. Qd1 b4 37. axb4 Rxb4 38. Qe2 Rb3 39. Kg2 Kg8 1/2-1/2

[Event "Batumi"]
[Site "?"]
[Date "1999.??.??"]
[Round "?"]
[White "Shirov, A."]
[Black "Fedorov, Alex"]
[Result "1/2-1/2"]
[WhiteElo "2730"]
[BlackElo "2655"]
[PlyCount "77"]
[EventDate "1999.??.??"]
[Source "Chess Informant"]
[SourceDate "1999.10.01"]

1. e4 c5 2. Nf3 d6 3. d4 cxd4 4. Nxd4 Nf6 5. Nc3 g6 6. Be3 Bg7 7. f3 O-O 8. Qd2 Nc6 9. O-O-O d5 10. exd5 Nxd5 11. Nxc6 bxc6 12. Bd4 Bxd4 13. Qxd4 Qc7 14. Bc4 Nb6 15. Be2 Be6 16. Qc5 Rfb8 17. g3 Qb7 18. b3 a5 19. a4 Nd5 20. Ne4 Nb4 21. Bc4 Bd5 22. Rd4 Qa7 23. Qxa7 Rxa7 24. f4 Bxe4 25. Rxe4 Rd8 26. Rf1 e6 27. g4 Kg7 28. f5 exf5 29. gxf5 Rd6 30. fxg6 hxg6 31. h4 Rad7 32. Re2 Nd5 33. Kb2 Nb6 34. Bd3 Rd5 35. Rh2 Re5 36. Rg1 Nd5 37. h5 Nf4 38. hxg6 Nxd3+ 39. cxd3 1/2-1/2

[Event "Gibtelecom Masters"]
[Site "Catalan Bay ING"]
[Date "2007.02.01"]
[Round "9"]
[White "Adams, Mi"]
[Black "Al Modiahki, M."]
[Result "1/2-1/2"]
[WhiteElo "2735"]
[BlackElo "2556"]
[PlyCount "197"]
[EventDate "2007.01.23"]
[Source "www.chesslib.no"]
[SourceDate "2004.05.04"]

1. e4 c5 2. Nf3 d6 3. d4 cxd4 4. Nxd4 Nf6 5. Nc3 g6 6. Be3 Bg7 7. f3 O-O 8. Qd2 Nc6 9. O-O-O d5 10. exd5 Nxd5 11. Nxc6 bxc6 12. Bd4 e5 13. Bc5 Be6 14. Ne4 Re8 15. h4 Nf4 16. g3 Qxd2+ 17. Rxd2 Nh5 18. g4 Nf4 19. Ba6 Bd5 20. c4 Bxe4 21. fxe4 Ne6 22. Be3 Rad8 23. c5 Rxd2 24. Kxd2 Rb8 25. Kc3 Nd4 26. Rf1 Kf8 27. b4 Ke7 28. h5 gxh5 29. gxh5 Bf6 30. Rg1 h6 31. Bc4 Ne6 32. a4 Bg5 33. Bf2 Nd4 34. Rb1 Nf3 35. b5 Bd2+ 36. Kc2 Ba5 37. Rf1 f5 38. Rd1 fxe4 39. Rd6 Rd8 40. Re6+ Kf8 41. Be3 Nd4+ 42. Bxd4 exd4 43. Rxe4 d3+ 44. Kd1 cxb5 45. axb5 d2 46. Be2 Rd5 47. Ra4 Bd8 48. Rxa7 Rxc5 49. Ra8 Ke7 50. Kxd2 Rd5+ 51. Kc3 Re5 52. Ra2 Bb6 53. Kc4 Kd6 54. Rd2+ Kc7 55. Bd1 Rf5 56. Rg2 Rf4+ 57. Kb3 Rd4 58. Be2 Bc5 59. Rg7+ Rd7 60. Rg8 Rd8 61. Rg4 Rd4 62. Rg7+ Rd7 63. Rg8 Rd8 64. Rg3 Rd4 65. Kc3 Rd6 66. Bf3 Kb6 67. Bc6 Bd4+ 68. Kc4 Be5 69. Rg4 Bf6 70. Bd5 Bg5 71. Re4 Rf6 72. Re8 Bf4 73. Ra8 Be5 74. Ra6+ Kc7 75. Ra7+ Kd6 76. Be4 Bg3 77. b6 Bf2 78. Ra6 Bxb6 79. Rxb6+ Ke5 80. Bc6 Kf4 81. Kd4 Kg5 82. Ke5 Rf8 83. Bd7 Rf1 84. Rg6+ Kxh5 85. Bf5 Re1+ 86. Kf6 Ra1 87. Rg3 Rh1 88. Rg4 Rf1 89. Rg3 Rh1 90. Rf3 Kh4 91. Ke5 h5 92. Kf6 Rh2 93. Be6 Rh1 94. Kf5 Rg1 95. Rf4+ Rg4 96. Rf1 Rg5+ 97. Kf4 Rg1 98. Rf3 Rf1 99. Rxf1 1/2-1/2

[Event "Belgrade"]
[Site "Belgrade"]
[Date "1993.??.??"]
[Round "4"]
[White "Beliavsky, Alexander G"]
[Black "Khalifman, Alexander"]
[Result "1/2-1/2"]
[WhiteElo "2635"]
[BlackElo "2645"]
[PlyCount "85"]
[EventDate "1993.12.??"]
[Source "ChessBase"]

1. e4 c5 2. Nf3 d6 3. d4 cxd4 4. Nxd4 Nf6 5. Nc3 g6 6. Be3 Bg7 7. f3 O-O 8. Qd2 Nc6 9. O-O-O d5 10. exd5 Nxd5 11. Nxc6 bxc6 12. Bd4 e5 13. Bc5 Re8 14. Ne4 f5 15. Nd6 Bf8 16. Bb5 Bd7 17. Rhe1 Re6 18. Nb7 Qc7 19. Ba6 Bc8 20. Bxf8 Bxb7 21. Bxb7 Qxb7 22. Ba3 a5 23. b3 a4 24. Bb2 axb3 25. axb3 Rae8 26. c4 Nf6 27. Kc2 Qf7 28. Qc3 h6 29. Re2 Kh7 30. Red2 Qe7 31. Qa5 g5 32. Rd8 Rxd8 33. Rxd8 Kg6 34. h3 f4 35. Qd2 e4 36. fxe4 Rxe4 37. Qd3 Kf7 38. Bxf6 Kxf6 39. Rd6+ Re6 40. Qd4+ Kf5 41. Qd3+ Kf6 42. Qd4+ Kf5 43. Qd3+ 1/2-1/2

[Event "Amsterdam"]
[Site "?"]
[Date "1996.??.??"]
[Round "?"]
[White "Ivanchuk, V."]
[Black "Hodgson, Ju"]
[Result "1-0"]
[WhiteElo "2730"]
[BlackElo "2550"]
[PlyCount "55"]
[EventDate "1996.??.??"]
[Source "ChessBase"]
[SourceDate "1996.06.01"]

1. e4 c5 2. Nf3 d6 3. d4 cxd4 4. Nxd4 Nf6 5. Nc3 g6 6. Be3 Bg7 7. f3 O-O 8. Qd2 Nc6 9. O-O-O d5 10. exd5 Nxd5 11. Nxc6 bxc6 12. Nxd5 cxd5 13. Qxd5 Qc7 14. Qc5 Qb8 15. b3 Bf5 16. Bd3 Rc8 17. Qa5 Rc3 18. Bxf5 Rxe3 19. Be4 Qf4 20. Bxa8 Rxb3+ 21. Rd2 Rb8 22. Bd5 Bh6 23. Rhd1 Qd4 24. c3 Qd3 25. Bb3 Rd8 26. c4 e5 27. c5 e4 28. fxe4 1-0

[Event "Cacak"]
[Site "?"]
[Date "1996.??.??"]
[Round "?"]
[White "Almasi, Z."]
[Black "Georgiev, Ki"]
[Result "1/2-1/2"]
[WhiteElo "2655"]
[BlackElo "2620"]
[PlyCount "38"]
[EventDate "1996.??.??"]
[Source "ChessBase"]
[SourceDate "1996.10.01"]

1. e4 c5 2. Nf3 d6 3. d4 cxd4 4. Nxd4 Nf6 5. Nc3 g6 6. Be3 Bg7 7. f3 O-O 8. Qd2 Nc6 9. O-O-O d5 10. exd5 Nxd5 11. Nxc6 bxc6 12. Bd4 Bxd4 13. Qxd4 Qc7 14. Qc5 Qf4+ 15. Kb1 Bf5 16. Nxd5 cxd5 17. Qxd5 Rab8 18. Bc4 Qc7 19. Bb3 Rbd8 1/2-1/2

[Event "Wijk op"]
[Site "Wijk aan Zee"]
[Date "1993.??.??"]
[Round "12"]
[White "Smirin, Ilia"]
[Black "Shirov, Alexei"]
[Result "1/2-1/2"]
[WhiteElo "2590"]
[BlackElo "2670"]
[PlyCount "31"]
[EventDate "1993.01.??"]
[Source "ChessBase"]

1. e4 c5 2. Nf3 d6 3. d4 cxd4 4. Nxd4 Nf6 5. Nc3 g6 6. Be3 Bg7 7. f3 O-O 8. Qd2 Nc6 9. O-O-O d5 10. exd5 Nxd5 11. Nxc6 bxc6 12. Nxd5 cxd5 13. Qxd5 Qc7 14. Qc5 Qb7 15. Qb5 Qc7 16. Qc5 1/2-1/2

[Event "Katrineholm 75/201"]
[Site "?"]
[Date "1999.??.??"]
[Round "?"]
[White "Lutz, Christopher"]
[Black "Fedorov, Alexei"]
[Result "1/2-1/2"]
[WhiteElo "2610"]
[BlackElo "2648"]
[PlyCount "83"]
[EventDate "1999.??.??"]
[Source "ChessBase"]
[SourceDate "1999.02.01"]

1. e4 c5 2. Nf3 d6 3. d4 cxd4 4. Nxd4 Nf6 5. Nc3 g6 6. Be3 Bg7 7. f3 O-O 8. Qd2 Nc6 9. O-O-O d5 10. exd5 Nxd5 11. Nxc6 bxc6 12. Bd4 Bxd4 13. Qxd4 Qc7 14. Bc4 Nb6 15. Be2 Be6 16. h4 Rfd8 17. Qe3 Rxd1+ 18. Rxd1 Qh2 19. Qg5 Nd5 20. Nxd5 cxd5 21. Bd3 Re8 22. h5 f6 23. Qe3 Bf7 24. hxg6 hxg6 25. Bb5 Rb8 26. a4 Rb7 27. Bc6 Rc7 28. Bxd5 Bxd5 29. Rxd5 Qxg2 30. Qe4 Kf7 31. b3 f5 32. Qd3 Kf6 33. Kb2 Qf2 34. b4 Kg5 35. Kb3 Kf4 36. c3 e5 37. Rd6 Qxf3 38. Qd2+ Qe3 39. Qh2+ Kg5 40. Qg2+ Kh4 41. Qh2+ Kg5 42. Qg2+ 1/2-1/2

[Event "Bundesliga 2004-5"]
[Site "Porz"]
[Date "2004.12.11"]
[Round "5"]
[White "Shirov, Alexei"]
[Black "Polzin, Rainer"]
[Result "1/2-1/2"]
[WhiteElo "2726"]
[BlackElo "2517"]
[PlyCount "81"]
[EventDate "2004.11.14"]
[Source "Roberto Alvarez"]
[SourceDate "2004.12.13"]

1. e4 c5 2. Nf3 d6 3. d4 cxd4 4. Nxd4 Nf6 5. Nc3 g6 6. Be3 Bg7 7. f3 O-O 8. Qd2 Nc6 9. O-O-O d5 10. exd5 Nxd5 11. Nxc6 bxc6 12. Bd4 e5 13. Bc5 Re8 14. Ne4 Qc7 15. Bd6 Qb6 16. h4 Nf6 17. h5 Nxe4 18. fxe4 Be6 19. hxg6 hxg6 20. Qc3 Rad8 21. Be2 Qf2 22. Bf3 g5 23. b3 Qg3 24. Kb2 g4 25. Be2 Qxc3+ 26. Kxc3 Bd5 27. Bc7 Rc8 28. Ba5 Bxe4 29. Bxg4 f5 30. Bh5 Re7 31. Bg6 Bxg2 32. Bxf5 e4+ 33. Kd2 Rf8 34. Bh7+ Kf7 35. Rhg1 Bf3 36. Rdf1 Ke6 37. Rxg7 Rxg7 38. Bxe4 Rg2+ 39. Kc3 Bxe4 40. Rxf8 Rxc2+ 41. Kd4 1/2-1/2

[Event "2nd Sanjin Hotel Cup"]
[Site "Tiayuan CHN"]
[Date "2005.07.15"]
[Round "7"]
[White "Zhang Zhong"]
[Black "Bu Xiangzhi"]
[Result "1/2-1/2"]
[WhiteElo "2608"]
[BlackElo "2632"]
[PlyCount "78"]
[EventDate "2005.07.09"]
[Source "www.chesslib.no"]
[SourceDate "2004.05.04"]

1. e4 c5 2. Nf3 d6 3. d4 cxd4 4. Nxd4 Nf6 5. Nc3 g6 6. Be3 Bg7 7. f3 O-O 8. Qd2 Nc6 9. O-O-O d5 10. exd5 Nxd5 11. Nxc6 bxc6 12. Bd4 Bxd4 13. Qxd4 Qc7 14. Qc5 Nxc3 15. Qxc3 Be6 16. h4 Rfd8 17. Bd3 c5 18. h5 Qf4+ 19. Kb1 Qd4 20. hxg6 hxg6 21. Qxd4 Rxd4 22. b3 Rad8 23. Kb2 Kg7 24. Rde1 Kf6 25. Kc3 a5 26. Re3 Bd5 27. g3 e6 28. Rh2 g5 29. Rh6+ Kg7 30. Rh5 Kf6 31. Rh7 Rb4 32. Rh6+ Kg7 33. Rh5 Kf6 34. Rh7 Rc8 35. Rh6+ Kg7 36. Rh5 Kf6 37. a3 Rd4 38. Rh6+ Kg7 39. Rh5 Kf6 1/2-1/2

[Event "Pardubice"]
[Site "?"]
[Date "2006.07.25"]
[Round "5"]
[White "Navara David"]
[Black "Evdokimov Alexander A"]
[Result "1-0"]
[WhiteElo "2719"]
[BlackElo "2500"]
[PlyCount "117"]
[EventDate "2006.??.??"]
[Source "www.chesslib.no"]
[SourceDate "2004.05.04"]

1. e4 c5 2. Nf3 d6 3. d4 cxd4 4. Nxd4 Nf6 5. Nc3 g6 6. Be3 Bg7 7. f3 O-O 8. Qd2 Nc6 9. O-O-O d5 10. exd5 Nxd5 11. Nxc6 bxc6 12. Bd4 Bxd4 13. Qxd4 Qc7 14. Bc4 e5 15. Qd2 Be6 16. Ne4 Nf4 17. Bxe6 Nxe6 18. Qd6 Rfd8 19. Nf6+ Kg7 20. Nd7 Qxd6 21. Rxd6 Rac8 22. Rhd1 Nd4 23. c3 Nf5 24. R6d3 Re8 25. Nc5 Rc7 26. b4 h5 27. a4 g5 28. Ne4 g4 29. Rf1 Nh6 30. Ng3 h4 31. Ne4 Re6 32. fxg4 Nxg4 33. c4 Nxh2 34. Rh1 Ng4 35. Rxh4 f5 36. Rh7+ Kxh7 37. Ng5+ Kg6 38. Nxe6 Rb7 39. b5 cxb5 40. axb5 Kf6 41. Rd6 Rb6 42. Rxb6 axb6 43. Nc7 Ke7 44. Nd5+ Kd6 45. Nxb6 Ne3 46. g3 e4 47. Kd2 Nf1+ 48. Ke2 Nxg3+ 49. Ke3 Nf1+ 50. Kd4 e3 51. c5+ Ke6 52. Nd5 Nd2 53. Nf4+ Kd7 54. Kxe3 Nb3 55. c6+ Kd6 56. Nd5 f4+ 57. Kf2 Nd4 58. c7 Kd7 59. b6 1-0

[Event "Elenite"]
[Site "?"]
[Date "1995.??.??"]
[Round "?"]
[White "Georgiev, Ki"]
[Black "Alterman, B."]
[Result "1/2-1/2"]
[WhiteElo "2605"]
[BlackElo "2595"]
[PlyCount "51"]
[EventDate "1995.??.??"]
[Source "ChessBase"]
[SourceDate "1995.06.01"]

1. e4 c5 2. Nf3 d6 3. d4 cxd4 4. Nxd4 Nf6 5. Nc3 g6 6. Be3 Bg7 7. f3 O-O 8. Qd2 Nc6 9. O-O-O d5 10. exd5 Nxd5 11. Nxc6 bxc6 12. Bd4 e5 13. Bc5 Re8 14. Ne4 f5 15. Nd6 Bf8 16. Bb5 Bd7 17. Rhe1 Re6 18. Nb7 Qc7 19. Ba6 Bc8 20. Bxf8 Bxb7 21. Bxb7 Qxb7 22. Ba3 Qa6 23. Kb1 Rae8 24. Qd3 Qxd3 25. cxd3 h5 26. Bc5 1/2-1/2

[Event "Mind Sports Games - Blitz Ind"]
[Site "Pechino CINA"]
[Date "2008.10.04"]
[Round "9"]
[White "Balogh, C."]
[Black "Fier, A."]
[Result "1-0"]
[WhiteElo "2616"]
[BlackElo "2581"]
[PlyCount "112"]
[EventDate "2008.10.04"]
[Source "www.chesslib.no"]
[SourceDate "2004.05.04"]

1. e4 c5 2. Nf3 d6 3. d4 cxd4 4. Nxd4 Nf6 5. Nc3 g6 6. Be3 Bg7 7. f3 O-O 8. Qd2 Nc6 9. O-O-O d5 10. Kb1 Rb8 11. Ndb5 a6 12. Na7 e6 13. g4 Re8 14. g5 Nd7 15. exd5 exd5 16. Nxd5 Nde5 17. Bb6 Qd7 18. f4 Nf3 19. Qf2 Nfd4 20. Bc4 Qh3 21. Nf6+ Bxf6 22. gxf6 Ne6 23. f5 Qxf5 24. Qxf5 gxf5 25. Rhg1+ Kh8 26. a4 Ne5 27. Bb3 Ng4 28. h3 Ne5 29. Rg2 Ng6 30. Rgd2 Ra8 31. a5 Nef4 32. Bxf7 Rf8 33. Rd8 Be6 34. Rxa8 Rxa8 35. Bxe6 Nxe6 36. Rd7 f4 37. Rxb7 Rf8 38. f7 Kg7 39. Nc6 f3 40. Nb4 Ngf4 41. Nxa6 Nxh3 42. Re7 Nef4 43. Nb4 f2 44. Bxf2 Nxf2 45. a6 h5 46. a7 h4 47. Nc6 h3 48. Nb8 h2 49. Re1 Ng2 50. Rf1 Ne4 51. a8=Q Nd2+ 52. Kc1 Nxf1 53. Qxg2+ Kf6 54. Qxf1+ Ke7 55. Qe2+ Kd8 56. Qxh2 Rxf7 1-0

[Event "Europa ch 2008"]
[Site "Plovdiv BUL"]
[Date "2008.04.25"]
[Round "5.20"]
[White "Mamedov, Nidjat"]
[Black "Petrosian, Tigran"]
[Result "1/2-1/2"]
[WhiteElo "2577"]
[BlackElo "2615"]
[PlyCount "48"]
[EventDate "2008.04.21"]
[Source "www.chesslib.no"]
[SourceDate "2004.05.04"]

1. e4 c5 2. Nf3 d6 3. d4 cxd4 4. Nxd4 Nf6 5. Nc3 g6 6. Be3 Bg7 7. f3 O-O 8. Qd2 Nc6 9. O-O-O d5 10. exd5 Nxd5 11. Nxc6 bxc6 12. Bd4 e5 13. Bc5 Be6 14. Ne4 Re8 15. h4 h6 16. g4 Qc7 17. g5 h5 18. Bc4 Red8 19. Qf2 Rd7 20. Rd2 Rad8 21. Rhd1 Bf5 22. Ng3 Be6 23. Ne4 Bf5 24. Ng3 Be6 1/2-1/2

[Event "Olimpiadi 2008 - open"]
[Site "Dresda GER"]
[Date "2008.11.20"]
[Round "7"]
[White "Smeets, J."]
[Black "Le Quang Liem"]
[Result "0-1"]
[WhiteElo "2604"]
[BlackElo "2583"]
[PlyCount "94"]
[EventDate "2008.11.13"]
[Source "www.chesslib.no"]
[SourceDate "2004.05.04"]

1. e4 c5 2. Nf3 d6 3. d4 cxd4 4. Nxd4 Nf6 5. Nc3 g6 6. Be3 Bg7 7. f3 O-O 8. Qd2 Nc6 9. O-O-O Nxd4 10. Bxd4 Be6 11. Kb1 Qc7 12. Nb5 Qc6 13. h4 a6 14. Nc3 b5 15. h5 b4 16. Ne2 Rfc8 17. Rc1 a5 18. hxg6 fxg6 19. g4 Bf7 20. g5 Ne8 21. Bxg7 Nxg7 22. Nf4 e5 23. Nd5 Bxd5 24. exd5 Qc7 25. Bh3 Rf8 26. c3 b3 27. axb3 a4 28. b4 a3 29. Qe2 Qe7 30. Rhg1 Qf7 31. Rgd1 Qe7 32. Qe3 Rf4 33. bxa3 Rxa3 34. Kb2 Ra8 35. Rd3 Qxg5 36. Ra1 Raf8 37. Rg1 Qf6 38. Kb3 h5 39. Rg3 Kh7 40. Qa7 Rf7 41. Qg1 Rb7 42. Bc8 Rc7 43. Bh3 Qh4 44. Bf1 Rb7 45. Rxg6 Rfxb4+ 46. cxb4 Qxb4+ 47. Kc2 Qb1+ 0-1

[Event "Elista (ol) 73/270"]
[Site "?"]
[Date "1998.??.??"]
[Round "?"]
[White "Bologan, Viktor"]
[Black "Fedorov, Alexei"]
[Result "1-0"]
[WhiteElo "2585"]
[BlackElo "2600"]
[PlyCount "51"]
[EventDate "1998.??.??"]
[Source "ChessBase"]
[SourceDate "1998.06.01"]

1. e4 c5 2. Nf3 d6 3. d4 cxd4 4. Nxd4 Nf6 5. Nc3 g6 6. Be3 Bg7 7. f3 O-O 8. Qd2 Nc6 9. O-O-O Bd7 10. g4 Ne5 11. h4 b5 12. h5 b4 13. Nd5 Nxd5 14. exd5 Qa5 15. Kb1 Qxd5 16. hxg6 fxg6 17. Qh2 h6 18. Be2 Qf7 19. Bxh6 Bxh6 20. Qxh6 Qg7 21. Qe3 Rac8 22. f4 Nc4 23. Qb3 d5 24. Bf3 Rxf4 25. Bxd5+ Kf8 26. Ne6+ 1-0

[Event "World Ch XIV Final"]
[Site "Cork World Ch XIV Final"]
[Date "1994.??.??"]
[Round "?"]
[White "Sanakoev, Grigory Konstantino"]
[Black "Lecroq, Michel"]
[Result "1/2-1/2"]
[WhiteElo "2595"]
[BlackElo "2570"]
[PlyCount "45"]
[EventDate "1994.??.??"]
[Source "www.chesslib.no"]
[SourceDate "2004.05.04"]

1. e4 c5 2. Nf3 d6 3. d4 cxd4 4. Nxd4 Nf6 5. Nc3 g6 6. Be3 Bg7 7. f3 O-O 8. Qd2 Nc6 9. O-O-O Nxd4 10. Bxd4 Be6 11. Kb1 Qc7 12. h4 Rfc8 13. h5 Qa5 14. a3 Nxh5 15. Bxg7 Kxg7 16. g4 Rxc3 17. Qd4+ f6 18. Qxc3 Qxc3 19. bxc3 Nf4 20. Kc1 Rc8 21. Kd2 g5 22. Rb1 Rc7 23. Rb4 1/2-1/2

[Event "Samara 73/269"]
[Site "?"]
[Date "1998.??.??"]
[Round "?"]
[White "Yakovich, Yuri"]
[Black "Fedorov, Alexei"]
[Result "1/2-1/2"]
[WhiteElo "2560"]
[BlackElo "2600"]
[PlyCount "81"]
[EventDate "1998.??.??"]
[Source "ChessBase"]
[SourceDate "1998.06.01"]

1. e4 c5 2. Nf3 d6 3. d4 cxd4 4. Nxd4 Nf6 5. Nc3 g6 6. Be3 Bg7 7. f3 O-O 8. Qd2 Nc6 9. O-O-O Bd7 10. g4 Ne5 11. h4 b5 12. Bh6 Bxh6 13. Qxh6 b4 14. Nd5 Nxd5 15. exd5 f6 16. Kb1 Qa5 17. Nb3 Qc7 18. Bd3 Rf7 19. Nd4 a5 20. g5 Qc5 21. h5 Qxd4 22. hxg6 Rg7 23. gxf6 exf6 24. gxh7+ Kh8 25. Qxf6 Nc6 26. Qxd6 Qe5 27. Qh6 Ne7 28. Rhe1 Nf5 29. Rxe5 Nxh6 30. d6 a4 31. Kc1 Rf8 32. Be4 Nf5 33. Bxf5 Rxf5 34. Rxf5 Bxf5 35. Rd4 Rb7 36. a3 b3 37. cxb3 axb3 38. Rb4 Rd7 39. Rxb3 Rxd6 40. Rc3 Kxh7 41. b3 1/2-1/2

[Event "St Petersburg"]
[Site "St Petersburg"]
[Date "1997.??.??"]
[Round "9"]
[White "Tseitlin, Mark D"]
[Black "Khalifman, Alexander"]
[Result "1/2-1/2"]
[WhiteElo "2505"]
[BlackElo "2650"]
[PlyCount "23"]
[EventDate "1997.04.17"]
[Source "ChessBase"]
[SourceDate "1997.08.01"]

1. e4 c5 2. Nf3 d6 3. d4 cxd4 4. Nxd4 Nf6 5. Nc3 g6 6. Be3 Bg7 7. f3 O-O 8. Qd2 Nc6 9. O-O-O d5 10. Qe1 e6 11. h4 Qc7 12. exd5 1/2-1/2

[Event "Krasnodar 72/221"]
[Site "?"]
[Date "1998.??.??"]
[Round "?"]
[White "Korneev, Oleg"]
[Black "Fedorov, Alexei"]
[Result "0-1"]
[WhiteElo "2560"]
[BlackElo "2595"]
[PlyCount "130"]
[EventDate "1998.??.??"]
[Source "ChessBase"]
[SourceDate "1998.02.01"]

1. e4 c5 2. Nf3 d6 3. d4 cxd4 4. Nxd4 Nf6 5. Nc3 g6 6. Be3 Bg7 7. f3 O-O 8. Qd2 Nc6 9. O-O-O Bd7 10. Kb1 Rc8 11. g4 Ne5 12. Be2 b5 13. Ndxb5 Bxb5 14. Nxb5 Rb8 15. c4 a6 16. Nd4 Qc7 17. Rc1 Rb7 18. Nb3 Nfd7 19. f4 Nc6 20. c5 dxc5 21. e5 g5 22. Bxc5 Ndb8 23. Bf3 Rd8 24. Qe3 gxf4 25. Qxf4 Bxe5 26. Qg5+ Bg7 27. Be4 a5 28. Rhf1 e6 29. Ba3 h6 30. Qf4 Qxf4 31. Rxf4 Rb6 32. Rf2 Bf8 33. Bxf8 Kxf8 34. Rcf1 Ne5 35. Nxa5 Rd4 36. Bf3 Nbd7 37. Nb3 Rd3 38. Bd1 Ke7 39. h4 Rb4 40. h5 Nb6 41. Nc1 Rg3 42. Ne2 Rgxg4 43. a3 Rbc4 44. Nc3 Rg5 45. a4 Rb4 46. a5 Nbc4 47. a6 Rg8 48. b3 Ne3 49. Re2 Nxf1 50. Rxe5 Kd6 51. Ra5 Ne3 52. Ka2 Nxd1 53. Nxd1 Kc6 54. Ka3 Rb5 55. Ra4 Kb6 56. Ne3 Ka7 57. Ng4 f5 58. Nxh6 Rg3 59. Rd4 Rgxb3+ 60. Ka4 Rb1 61. Nf7 Rb6 62. Rd7+ Kxa6 63. Rd3 Kb7 64. Nd6+ Kc6 65. Nc4 Ra1+ 0-1

[Event "Haifa"]
[Site "?"]
[Date "1989.??.??"]
[Round "?"]
[White "Hellers, F."]
[Black "Georgiev, Kir"]
[Result "0-1"]
[WhiteElo "2560"]
[BlackElo "2590"]
[PlyCount "80"]
[EventDate "1989.??.??"]
[Source "ChessBase"]
[SourceDate "1989.07.01"]

1. e4 c5 2. Nf3 d6 3. d4 cxd4 4. Nxd4 Nf6 5. Nc3 g6 6. Be3 Bg7 7. f3 O-O 8. Qd2 Nc6 9. O-O-O Nxd4 10. Bxd4 Be6 11. Kb1 Qc7 12. g4 Rfc8 13. h4 Qa5 14. a3 Rab8 15. h5 b5 16. h6 b4 17. Nd5 Nxd5 18. hxg7 Nc3+ 19. Ka1 f6 20. Re1 Nb5 21. Bxb5 Qxb5 22. Rh2 bxa3 23. b3 Qb4 24. Bxa7 Qxd2 25. Rxd2 Ra8 26. Bd4 h6 27. Ka2 Kxg7 28. Re3 Ra4 29. c4 Ra6 30. Rc3 g5 31. Rdc2 Bf7 32. Be3 h5 33. gxh5 Bxh5 34. Bc1 Bf7 35. c5 dxc5 36. Rxc5 Rb8 37. R2c3 Rab6 38. Kxa3 Rxb3+ 39. Rxb3 Rxb3+ 40. Ka4 Rxf3 0-1

[Event "Oxford GM-A"]
[Site "Oxford"]
[Date "1998.12.23"]
[Round "9"]
[White "Sutovsky, Emil"]
[Black "Hodgson, Julian M"]
[Result "1-0"]
[WhiteElo "2575"]
[BlackElo "2575"]
[PlyCount "63"]
[EventDate "1998.12.14"]
[Source "ChessBase"]
[SourceDate "1999.04.01"]

1. e4 c5 2. Nf3 d6 3. d4 cxd4 4. Nxd4 Nf6 5. Nc3 g6 6. Be3 Bg7 7. f3 O-O 8. Qd2 Nc6 9. O-O-O Bd7 10. Kb1 Rc8 11. g4 Ne5 12. h4 Qa5 13. Be2 Rxc3 14. Qxc3 Qxc3 15. bxc3 Rc8 16. Kb2 Be8 17. h5 Nfd7 18. hxg6 hxg6 19. Bh6 Bf6 20. g5 Bh8 21. Rh2 Nc4+ 22. Bxc4 Rxc4 23. Rdh1 Be5 24. Rh4 Bg3 25. R4h3 Be5 26. Ne2 e6 27. f4 Bh8 28. Bf8 Nxf8 29. Rxh8+ Kg7 30. f5 gxf5 31. exf5 exf5 32. Ng3 1-0

[Event "World Ch XIV Final"]
[Site "Cork World Ch XIV Final"]
[Date "1994.??.??"]
[Round "?"]
[White "Cordovil, Joao MCM"]
[Black "Lecroq, Michel"]
[Result "0-1"]
[WhiteElo "2575"]
[BlackElo "2570"]
[PlyCount "102"]
[EventDate "1994.??.??"]
[Source "www.chesslib.no"]
[SourceDate "2004.05.04"]

1. e4 c5 2. Nf3 d6 3. d4 cxd4 4. Nxd4 Nf6 5. Nc3 g6 6. Be3 Bg7 7. f3 O-O 8. Qd2 Nc6 9. O-O-O Nxd4 10. Bxd4 Be6 11. Kb1 Qc7 12. h4 Rfc8 13. h5 Qa5 14. hxg6 hxg6 15. a3 Rab8 16. Bd3 Bc4 17. Be3 Nd7 18. Bxc4 Rxc4 19. Nd5 Qxd2 20. Rxd2 Re8 21. Bxa7 b6 22. Rd3 Ra4 23. Bxb6 e6 24. Bc7 exd5 25. Rxd5 Ne5 26. Bxd6 Nc4 27. c3 Raa8 28. g4 Red8 29. Bf4 Rdc8 30. Rhd1 Nxb2 31. Kxb2 Rxc3 32. Rd8+ Rxd8 33. Rxd8+ Kh7 34. Ka2 Rxf3 35. Bd2 Bc3 36. Bxc3 Rxc3 37. Rd5 Kh6 38. g5+ Kh5 39. Re5 Kg4 40. a4 Kf4 41. Rb5 Kxe4 42. a5 Rc6 43. Kb3 f6 44. Rb6 Rc5 45. Rb4+ Kf5 46. a6 fxg5 47. a7 Ra5 48. Ra4 Rxa7 49. Rxa7 g4 50. Kc2 g3 51. Ra1 Kf4 0-1

[Event "Deutschland"]
[Site "?"]
[Date "1995.??.??"]
[Round "?"]
[White "Almasi, Z."]
[Black "Watson, W."]
[Result "1-0"]
[WhiteElo "2620"]
[BlackElo "2525"]
[PlyCount "67"]
[EventDate "1995.??.??"]
[Source "ChessBase"]
[SourceDate "1995.02.01"]

1. e4 c5 2. Nf3 d6 3. d4 cxd4 4. Nxd4 Nf6 5. Nc3 g6 6. Be3 Bg7 7. f3 O-O 8. Qd2 Nc6 9. O-O-O d5 10. exd5 Nxd5 11. Nxc6 bxc6 12. Bd4 e5 13. Bc5 Be6 14. Ne4 Re8 15. g4 h6 16. h4 a5 17. g5 h5 18. a4 Qc7 19. Bc4 Red8 20. Qf2 Qb7 21. b3 Nf4 22. Bxe6 Nxe6 23. Rxd8+ Rxd8 24. Bb6 Ra8 25. Rd1 Nd4 26. Bc5 Qd7 27. Nf6+ Bxf6 28. gxf6 Qf5 29. Bxd4 exd4 30. Qxd4 Qxf3 31. Qe5 Qf2 32. Rd7 Rf8 33. Kb2 c5 34. Rxf7 1-0

[Event "Bern Cup"]
[Site "Bern"]
[Date "1996.??.??"]
[Round "1"]
[White "Gallagher, Joseph G"]
[Black "Hodgson, Julian M"]
[Result "1/2-1/2"]
[WhiteElo "2525"]
[BlackElo "2615"]
[PlyCount "49"]
[EventDate "1996.??.??"]
[Source "ChessBase"]

1. e4 c5 2. Nf3 d6 3. d4 cxd4 4. Nxd4 Nf6 5. Nc3 g6 6. Be3 Bg7 7. f3 O-O 8. Qd2 Nc6 9. O-O-O d5 10. Qe1 e6 11. h4 Qc7 12. exd5 exd5 13. Qd2 h5 14. Bf4 Qe7 15. Bg5 Qb4 16. Nb3 d4 17. Nxd4 Nxd4 18. Qxd4 Qxd4 19. Rxd4 Nh7 20. Rb4 Nxg5 21. hxg5 Bxc3 22. bxc3 b6 23. Bd3 Re8 24. Be4 Rb8 25. Rd1 1/2-1/2

[Event "RUS-ch"]
[Site "Elista"]
[Date "1996.??.??"]
[Round "9"]
[White "Dvoirys, Semen I"]
[Black "Korneev, Oleg"]
[Result "1-0"]
[WhiteElo "2570"]
[BlackElo "2565"]
[PlyCount "75"]
[EventDate "1996.10.15"]
[Source "ChessBase"]

1. e4 c5 2. Nf3 d6 3. d4 cxd4 4. Nxd4 Nf6 5. Nc3 g6 6. Be3 Bg7 7. f3 O-O 8. Qd2 Nc6 9. O-O-O d5 10. Qe1 e6 11. h4 Qc7 12. exd5 Nxd5 13. Nxd5 exd5 14. Qd2 Re8 15. h5 Rxe3 16. Qxe3 Nxd4 17. Qe8+ Bf8 18. Rxd4 Bf5 19. Qa4 Qe5 20. Rd1 Bg7 21. Qb3 a5 22. hxg6 hxg6 23. a4 Rc8 24. Bd3 Bd7 25. Rhe1 Qf4+ 26. Kb1 Bxa4 27. Qxd5 Qc7 28. Re2 Rd8 29. Qa2 Bc6 30. Ree1 Rd5 31. Bxg6 Rb5 32. Rd8+ Bf8 33. Qc4 Rb4 34. Rxf8+ Kxf8 35. Qc3 Rh4 36. Qc5+ Kg7 37. Bxf7 Qf4 38. Bb3 1-0